T. Livii Patavini Historiarvm Libri Qvi Svpersvnt Tomvs III.

Bibliographic Details
Main Authors: Livius, Titus, asi 59 pred Kr.-asi 17 po Kr (Author), Le Clerc, Jean, 1657-1736 (Author), Gronovius, Johann Friedrich, 1611-1671 (Author)
Corporate Author: Weidmann, Moritz Georg II. (Lipsko, Nemecko) (Printer)
Format: Book
Language:Latin
PhysicalDescription:[4], 820, [178] strán 18 cm
Published: Lipsiae In Officina Weidmanniana MDCCXXXV. [=1735]
Subjects:

MARC

LEADER 00000nam a2200000 a 4500
001 vtls011621547
003 SK-MaSNL
005 20260301142831.0
008 251112s1735 gw 000 0 lat
015 |a SNBHFA1735 
020 |q (viaz.) 
035 |a urn:nbn:sk:snk-am00csrm 
035 |a urn:nbn:sk:snk-am3huer 
035 |a F3FBF655-6E20-42EF-8973-D3CE8A1B5712 
040 |a SNKHF  |b slo  |c SNK  |e AACR2 
041 0 |a lat 
044 |a gw  |c DE 
072 7 |a 93/94  |x Dejiny (všeobecne)  |2 konspekt 
080 |a 93/94  |2 2011 
080 |a (37)  |2 2011 
080 |a 94(3)  |2 2011 
100 1 |a Livius, Titus,  |d asi 59 pred Kr.-asi 17 po Kr  |4 aut  |9 187530 
245 1 0 |a T. Livii Patavini Historiarvm Libri Qvi Svpersvnt  |n Tomvs III.  |c Ex Editione Et Cvm Notis Ioannis Clerici ; Adiecta Est Diversitas Lectionis Gronovianae 
246 3 0 |a Historiarvm Libri Qvi Svpersvnt  |n Tomvs III. 
260 |a Lipsiae  |b In Officina Weidmanniana  |c MDCCXXXV. [=1735] 
300 |a [4], 820, [178] strán  |c 18 cm 
500 |a Živé záhlavie, kustódy, iniciálky na tri riadky tlačené bez pozadia 
504 |a Tlačené marginálie 
546 |a Latinčina  |b Antikva  |b Kurzíva 
561 |a Z knižnice Učenej spoločnosti malohontskej.  |5 SNK ID 99690/3 
561 |a Na titulnom liste rukopisný posessorský záznam: Comar. Georg. Fejess. Hellmstad. Anno 1750. Na titulnom liste rukopisný posessorský záznam.  |5 SNK ID 99690/3 
563 |a Pergamenová väzba.  |5 SNK ID 99690/3 
650 0 7 |a starovek  |2 SNKPH  |9 4258 
651 7 |a Rímska ríša  |2 SNKPH  |9 212347 
700 1 |a Fejes, Györgyi,  |d 1739-1792  |4 fmo  |9 355594 
700 1 |a Le Clerc, Jean,  |d 1657-1736  |4 aut  |9 344056 
700 1 |a Gronovius, Johann Friedrich,  |d 1611-1671  |4 aut  |9 350882 
710 0 |a Weidmann, Moritz Georg II. (Lipsko, Nemecko),  |d 1708-1743  |4 prt  |9 177150 
710 1 |a Učená spoločnosť malohontská  |4 fmo  |9 205374 
752 |a Nemecko  |d Lipsko 
852 |a snk  |b Historické fondy  |p ID 99690/3 
958 |a ONDV 
999 |c 771656  |d 773586 
952 |t MHC I.E.m.15  |a SNK  |b SNK  |c SNK_HF  |y PREZ  |7 0  |p 17A1130113  |o snkID 99690/3  |i snk2017/8068  |8 5  |0 0  |1 0  |4 0  |d 2017-04-03  |f 1  |l 0  |r 2026-02-24 00:37:27  |w 2026-02-24